000 00283nam a22001337a 4500
008 170403b xxu||||| |||| 00| 0 eng d
020 _a9780471753551
041 _aeng
080 _24 ED
_a574
100 _a9
101 _aSHM
245 _aENVIRONMENT
_cRAVEN.P.H
942 _2udc
_cBK
999 _c9573
_d9573